The 12 Year Reich : A Social History of Nazi Germany, 1933-1945 /

Na minha lista:
Detalhes bibliográficos
Autor principal: Grunberger, Richard (autor)
Formato: Livro
Idioma:inglês
Publicado em: Nueva York, EUA : Ballantine Books, 1972, c1971
Assuntos:
Tags: Adicionar Tag
Sem tags, seja o primeiro a adicionar uma tag!

MARC

LEADER 00000nam^a2200000^a^4500
001 000186741
005 20250521000000.0
009 20260310102236.829
037 |a Acervo ITESO - Biblioteca 
041 |a ING 
082 |a 943. 086  |b GRU 
100 |a Grunberger, Richard  |e (autor) 
245 1 4 |a The 12 Year Reich :  |b A Social History of Nazi Germany, 1933-1945 /  |c R. Grunberger. 
264 4 |a Nueva York, EUA :  |b Ballantine Books,  |c 1972, c1971 
300 |a VI, 602 p., [16] láminas 
336 |a texto  |b txt  |2 rdacontenido 
337 |a sin mediación  |b n  |2 rdamedio 
338 |a volumen  |b nc  |2 rdasoporte 
649 |a XX 
650 |a Judíos en Alemania -  |x Historia 
650 |a Nazismo -  |z Alemania -  |x Historia 
650 |a Nazismo 
650 |a Antisemitismo -  |z Alemania -  |x Historia 
650 |a Racismo -  |z Alemania -  |x Historia 
650 |a Política -  |z Alemania -  |x Historia 
650 |a Historia Social -  |z Alemania 
650 |a Alemania -  |x Historia -  |y Tercer Reich, 1933-1945 
650 |a Alemania -  |x Historia -  |y Siglo XX 
910 |a Fondo General 
920 |a Impresos - Libros 
930 |a Colección General 
905 |a 101 
901 |a 0500128601  |b IT1  |c ACC  |u 20250521 
902 |a https://opac.biblio.iteso.mx/vufind/Record/000186741